O vírus vermelho (Record no. 171407)

MARC details
000 -LÍDER
campo de controle de tamanho fixo 00358 a2200169 4500
001 - NÚMERO DE CONTROLE
campo de controle 171407
020 ## - ISBN - INTERNATIONAL STANDARD BOOK NUMBER
ISBN - International Standard Book Number 85-262-1728-3
040 ## - FONTE DA CATALOGAÇÃO
Instituição que transcreveu o registro Magnum
100 ## - ENTRADA PRINCIPAL--NOME PESSOAL
Nome pessoal Carr, Stella
240 10 - TÍTULO UNIFORME
Título uniforme O vírus vermelho
Idioma da obra por
245 10 - TÍTULO
Título O vírus vermelho
300 ## - DESCRIÇÃO FÍSICA
Extensão 88
362 0# - DATAS DE PUBLICAÇÃO E/OU DESIGNAÇÃO SEQUENCIAL
Datas de publicação e/ou designação sequencial 1991
440 #1 - DECLARAÇÃO DE SÉRIE/ENTRADA ADICIONADA--TÍTULO
Título Scipione
697 ## - ENTRADA DE ASSUNTO LOCAL--ENTIDADE COLETIVA (RLIN)
Nome corporativo ou nome da jurisdição LITERATURA INFANTO-JUVENIL
942 ## - ELEMENTOS DE ENTRADA ADICIONADOS (KOHA)
Tipo de material Koha Livros
Holdings
Situação do descarte Situação das perdas Situação física Não pode ser emprestado Biblioteca de origem Biblioteca atual Data de aquisição Total de empréstimos Número de chamada completo Código de barras Data de último acesso Data do preço efetivo Tipo de material Koha
        Magnum Magnum 08/06/2024   869.2.670 MAG00016632 08/06/2024 08/06/2024 Livros
        Magnum Magnum 08/06/2024   869.2.670 MAG00016633 08/06/2024 08/06/2024 Livros
        Magnum Magnum 08/06/2024   869.2.670 MAG00016634 08/06/2024 08/06/2024 Livros
        Magnum Magnum 08/06/2024   869.2.670 MAG00016635 08/06/2024 08/06/2024 Livros
        Magnum Magnum 08/06/2024   869.2.670 MAG00016636 08/06/2024 08/06/2024 Livros
        Magnum Magnum 08/06/2024   869.2.670 MAG00016637 08/06/2024 08/06/2024 Livros
        Magnum Magnum 08/06/2024   869.2.670 MAG00016638 08/06/2024 08/06/2024 Livros
        Magnum Magnum 08/06/2024   869.2.670 MAG00016639 08/06/2024 08/06/2024 Livros